000
00270nam a22001097a 4500
082
_a
080
100
_a
Maxwell, John C
_9
80818
245
_a
Developing the Leader With in You
260
_a
Delhi
_b
Sudesh Sahitya Mandal
_c
2018
650
_a
Motivation
_9
80819
942
_c
BK
999
_c
64061
_d
64061